000 00454nam a2200181Ia 4500
001 22848
005 20260414150858.0
008 260414t2011||||xx |||||||||||||| ||spa||
041 _aESP
082 _a624.15136
_bC73A
100 _aCoduto, Donald P.
_eAUT
245 0 _aGeotechnical engineering :
_bprinciples and practices
260 _c2011
300 _axx, 794 páginas :
_c24 cm.
650 _a0
654 _aCIC
942 _cLIB
_dJUS
_fJUS
_2ddc
_n
999 _c22848
_d22848